Normal view
MARC view
- Serna Mendoza, Ciro Alfonso
Entry Nombre Personal
001 - NUMERO DE CONTROL
- campo de control: 56979
003 - IDENTIFICADOR DE NUMERO DE CONTROL
- campo de control: UPN
005 - FECHA Y HORA DE LA ÜLTIMA TRANSACCIÓN
- campo de control: 20250612194528.0
008 - DATOS DE LONGITUD FIJA
- campo de control de longitud fija: 250612na acannaabn b a|a d
040 ## - FUENTE DE CATALOGACIÓN
- Agencia original de catalogación: MX-MxUPN
100 ## - ENCABEZAMIENTO - NOMBRE PERSONAL
- Nombre personal: Serna Mendoza, Ciro Alfonso
902 ## - CATALOGADOR
- Catalogador: Maiella Martínez
